Humpty Dumpty / (Record no. 6432)

MARC details
000 -LEADER
fixed length control field 01262cam a22003257a 4500
001 - CONTROL NUMBER
control field 6432
003 - CONTROL NUMBER IDENTIFIER
control field FISKH
005 - DATE AND TIME OF LATEST TRANSACTION
control field 20250430113901.0
008 - FIXED-LENGTH DATA ELEMENTS--GENERAL INFORMATION
fixed length control field 120403s2013 flua 000 0 eng
010 ## - LIBRARY OF CONGRESS CONTROL NUMBER
LC control number 2012936781
020 ## - INTERNATIONAL STANDARD BOOK NUMBER
International Standard Book Number 9781618101808
020 ## - INTERNATIONAL STANDARD BOOK NUMBER
International Standard Book Number 9781618103130
040 ## - CATALOGING SOURCE
Original cataloging agency DLC
Transcribing agency DLC
Modifying agency DLC
Language of cataloging eng
050 ## - LIBRARY OF CONGRESS CALL NUMBER
Classification number PZ7.G748
082 ## - DEWEY DECIMAL CLASSIFICATION NUMBER
Classification number 823
100 1# - MAIN ENTRY--PERSONAL NAME
Personal name Greve, Meg.
245 10 - TITLE STATEMENT
Title Humpty Dumpty /
Statement of responsibility, etc. by Meg Greve ; illustrated by Helen Poole.
260 ## - PUBLICATION, DISTRIBUTION, ETC.
Place of publication, distribution, etc. Vero Beach :
Name of publisher, distributor, etc. Rourke Educational Media,
Date of publication, distribution, etc. 2013.
300 ## - PHYSICAL DESCRIPTION
Extent 24 pages :
Other physical details color illustrations ;
Dimensions 21 cm
490 0# - SERIES STATEMENT
Series statement Little birdie books
505 ## - FORMATTED CONTENTS NOTE
Formatted contents note C<br/><br/>
520 ## - SUMMARY, ETC.
Summary, etc. Juvenile Fiction. Juvenile Literature. HTML:A different take on the original nursery rhyme as Humpty's friends fall off chairs and all the kings horses and all the kings men cook them into something else such as eggnog, chocolate cake, or a poached egg. In the end, he learns that even though they are a different shape they are still his friends.<br/>
521 8# - TARGET AUDIENCE NOTE
Target audience note 100<br/>
Source Lexile adjusted <br/><br/>
521 8# - TARGET AUDIENCE NOTE
Target audience note C<br/>
Source Raz-Plus<br/><br/><br/>
650 ## - SUBJECT ADDED ENTRY--TOPICAL TERM
Topical term or geographic name entry element Cooking
Form subdivision Fiction
700 1# - ADDED ENTRY--PERSONAL NAME
Personal name Poole, Helen,
Dates associated with a name 1979-
Relator term illustrator
906 ## - LOCAL DATA ELEMENT F, LDF (RLIN)
a 7
b cbc
c orignew
d 4
e ncip
f 20
g y-gencatlg
942 ## - ADDED ENTRY ELEMENTS (KOHA)
Source of classification or shelving scheme Dewey Decimal Classification
Koha item type Books
Suppress in OPAC No
Holdings
Withdrawn status Lost status Source of classification or shelving scheme Damaged status Not for loan Collection Home library Current library Shelving location Date acquired Total Checkouts Full call number Barcode Date last seen Copy number Price effective from Koha item type
    Dewey Decimal Classification     Juvenile Fiction Footprints International School Library Network Toul Kork Campus Footprints International School Library Network Toul Kork Campus TK Primary Library Room(4th Floor), Bookcase 7, Shelves 57-60, Dark Green Books 04/30/2025   GRE 823 PZ7.G748 FISTK00942 04/30/2025 1 04/30/2025 Books